Представление документа в формате RUSMARC

Поле Инд. ПП Название Значение
Тип записи a
Библиографический уровень a
001 Контрольный номер ef78bdfbf479498e91f61431cbc9533b
005 Дата корректировки 20240504120512.1
100 a Данные общей обработки 20210316 ||| 0rusy0189 ca
101 0_ a Язык текста rus
102 a Страна публикации RU
200 1_ a Заглавие Международное право и постмодернизм
203 a Вид содержания Текст : электронный
300 a Общие примечания Чтение статьи доступно в Источнике
336 a Примечание о виде электронного ресурса PDF
461 _0 1 2000
a Российское правосудие
463 _0 1 2000
a № 9
b Текст
v С. 7-14
1 2101
d 2012
1 0017c36da9fe6b2438e994a7e2dd1a9c79f
606 a Основная рубрика Право. Юридические науки
x Основная подрубрика Международное право. Право отдельных стран
610 0_ a Ключевые слова МЕЖДУНАРОДНОЕ ПРАВО
700 _1 a Фамилия Толстых
b Имя В. Л.
801 _1 a Страна RU
b Организация РГУП
c Дата составления 20210316
g Правила каталогизации PSBO
901 t Тип документа b
w Контрольный № источника 7c36da9fe6b2438e994a7e2dd1a9c79f
905 a Дата ввода 20210316